AU LIBRARIES
Centralized Library System Across Seven Campuses

Engaging Minds (Record no. 47530)

MARC details
000 -LEADER
fixed length control field 00445nam a2200169 4500
005 - DATE AND TIME OF LATEST TRANSACTION
control field 20260506104447.0
008 - FIXED-LENGTH DATA ELEMENTS--GENERAL INFORMATION
fixed length control field 260506b |||||||| |||| 00| 0 eng d
020 ## - INTERNATIONAL STANDARD BOOK NUMBER
ISBN 9781000589108
082 ## - DEWEY DECIMAL CLASSIFICATION NUMBER
Classification number 370.15
Author Mark DAV-E
100 ## - MAIN ENTRY--AUTHOR
Author Name Davis Brent,Francis Krista
245 ## - TITLE STATEMENT
Title Engaging Minds
Sub-Title Evolving Learning and Teaching
250 ## - EDITION STATEMENT
Edition statement 4th Ed
260 ## - PUBLICATION, DISTRIBUTION, ETC.
Place of Publication New York
Name of publisher, distributor, etc. Routledge Publishers
300 ## - PHYSICAL DESCRIPTION
Pages 261p
650 ## - SUBJECT ADDED ENTRY--TOPICAL TERM
Subject / Department Education
942 ## - ADDED ENTRY ELEMENTS (KOHA)
Koha item type Book
Holdings
Withdrawn status Lost status Damaged status Not for loan Collection code Permanent Location Current Location Shelving Location Date acquired Source of acquisition Inventory number Total Checkouts Full Call Number Accession No./Barcode Date last seen Koha item type
        Education Air University H-11 Campus Islamabad Air University H-11 Campus Islamabad Education 05/06/2026 Ali Book Services AUH11-01   370.15 DAV-E AUHEP0161 05/06/2026 Book
Air University Sector E-9, Islamabad Pakistan
Email: librarian@au.edu.pk  Tel : +0092 51 9262612 Ext: 631